Statystyki dla Kraje z największą liczbą punktów w Tokio 2020 na 100 tys. mieszkańców

Kliknij tutaj aby rozwiązać quiz!

Ogólne statystyki

  • Ten quiz został rozwiązany 10 razy
  • Średni wynik to 14 z 30

Statystyki odpowiedzi

PunktyMieszkańcyKrajPunkty na 100 tys. mieszkańców% Poprawnych
11711 778 842Belgia0,99
80%
42117 475 908Holandia2,41
80%
1072 844 000Jamajka3,76
80%
86,55 488 984Norwegia1,58
80%
1578 670 300Szwajcaria1,81
80%
130,510 327 789Szwecja1,26
80%
648,567 081 000Wielka Brytania0,97
70%
18,533 600San Marino55,06
60%
250,59 728 337Węgry2,57
60%
50725 766 601Australia1,97
50%
133,55 822 763Dania2,29
50%
221 328 000Estonia1,66
50%
12811 032 343Kuba1,16
50%
321 950 000Łotwa1,64
50%
1954 510 327Nowa Zelandia4,32
50%
94,56 974 289Serbia1,35
50%
20372 000Bahamy5,38
40%
854 149 000Chorwacja2,05
40%
692 107 126Słowenia3,27
40%
4106 479Tonga3,76
40%
66,56 447 710Bułgaria1,03
30%
14885 000Fidżi1,58
30%
8108 000Grenada7,41
30%
19,51 920 079Kosowo1,02
30%
909 200 617Białoruś0,98
20%
87,53 718 200Gruzja2,35
20%
493 255 468Mongolia1,51
20%
34,52 963 900Armenia1,16
10%
864 237Bermudy12,45
10%
535 015Brytyjskie Wyspy Dziewicze14,28
10%

Rozkład punktacji

Percentyl według liczby udzielonych odpowiedzi

Procent ludzi z każdym wynikiem

Twoja historia wyników

Nie rozwiązałeś tego quizu